Occupational health : issues and strategies (Record no. 187719)

MARC details
000 -LEADER
fixed length control field 00433nam a2200157Ia 4500
005 - DATE AND TIME OF LATEST TRANSACTION
control field 20250417102855.0
008 - FIXED-LENGTH DATA ELEMENTS--GENERAL INFORMATION
fixed length control field 231217s9999 xx 000 0 und d
020 ## - INTERNATIONAL STANDARD BOOK NUMBER
International Standard Book Number 9788131406953
082 ## - DEWEY DECIMAL CLASSIFICATION NUMBER
Classification number 613.62 SIN;1 R
100 ## - MAIN ENTRY--PERSONAL NAME
Personal name Singh, Sanjeev Kumar ed.
245 #0 - TITLE STATEMENT
Title Occupational health : issues and strategies
260 ## - PUBLICATION, DISTRIBUTION, ETC. (IMPRINT)
Date of publication, distribution, etc. 2007
Name of publisher, distributor, etc. Icfai
Place of publication, distribution, etc. Hyderabad
300 ## - PHYSICAL DESCRIPTION
Extent xi, 232
650 ## - SUBJECT ADDED ENTRY--TOPICAL TERM
Topical term or geographic name as entry element Occupational,health,strategies
942 ## - ADDED ENTRY ELEMENTS (KOHA)
Koha item type Books
Holdings
Date last seen Total Checkouts Full call number Accession number Old discount Cost, replacement price Price effective from Category Public note Lost status Damaged status Department Withdrawn status bill no. bill date Permanent Location Current Location Shelving location Entry date Vendor Cost, normal purchase price Grants Currency symbol Conversion rate Discount Discount type
26/01/2024   613.62 SIN;1 R 64236   38.00 26/01/2024 Books 64236     Central Library   1993 25/02/2014 Central Library Central Library Central Library 04/08/2010 ICFAI Press 38.00 MBA RS 1   Rupees
26/01/2024   613.62 SIN;2 R1 64237   38.00 26/01/2024 Books 64237     Central Library   1993 25/02/2014 Central Library Central Library Central Library 04/08/2010 ICFAI Press 38.00 MBA RS 1   Rupees
26/01/2024   613.62 SIN;3 71821   38.00 26/01/2024 Books 71821     Central Library   1993 31/03/2015 Central Library Central Library Central Library 16/12/2010 ICFAI Press 38.00 MBA RS 1   Rupees
26/01/2024   613.62 SIN;4 71822   38.00 26/01/2024 Books 71822     Central Library   1993 31/03/2015 Central Library Central Library Central Library 16/12/2010 ICFAI Press 38.00 MBA RS 1   Rupees

© For any Suggestions or Query, please contact the library staff @ librarian@pes.edu or Phone: +9180 2672 1983/ 2108.